000 01555cam a2200301 a 4500
001 000015429
003 DO-SdBNP
005 20260305073955.0
008 890721s1988 ck a b f001 0 spa
020 _z9586430006 (set)
035 _a(DLC) 89165877
040 _aDO-SdBNP
_bspa
_cDLC
_dDLC
_dBNPHU
049 _aBNGR
082 _a343.0146
_bP963s
245 0 0 _aProceso seguido al General Santander :
_bpor consecuencia del acontecimiento de la noche del 25 septiembre de 1828 en Bogotá / Fundación para la Conmemoración del Bicentenario del Natalicio y el Sesquicentenario de la Muerte del general Francisco de Paula Santander /
_cpresentación, German Mejía Pavony.
260 _aBogotá :
_bBiblioteca de la Presidencia de la República ;
_bAdministración Virgilio Barco,
_c1988.
300 _axxii, 401 p. :
_bil. ;
_c25 cm.
504 _aIncluye referencias bibliográficas y notas al pie de páginas.
600 1 0 _aSantander, Francisco de Paula,
_d1792-1840
_918039
600 1 0 _aBolívar, Simón,
_d1783-1830
_9253
650 4 _aAsesinato
_zColombia
_934825
651 4 _aColombia
_xPolítica y gobierno
_vEnsayos, conferencias, etc.
_y1819-1831.
_934826
651 4 _aVenezuela
_xPolítica y gobierno
_vEnsayos, conferencias, etc.
_y1810-1830.
_926230
700 1 _aMejía Pavony, German,
_d1792-1840.
_934828
710 1 _aFundación para la Conmemoración del Bicentenario del Natalicio y el Sesquicentenario de la Muerte del General Francisco de Paula Santander.
_918093
910 _aCatalogación por copia / LC
942 _2ddc
_cLBS1
999 _c14987
_d14987